| 000 | 01295nam a22003737a 4500 | ||
|---|---|---|---|
| 003 | CHAP | ||
| 005 | 20220329133423.0 | ||
| 008 | 971013s1992 r 00010 d | ||
| 010 | _a6174 | ||
| 011 | _a7146 | ||
| 035 | _a6369 | ||
| 040 | _cCHAP | ||
| 090 | _aTesis | ||
| 100 | 0 | 0 |
_aMagaña Lemus, Sacramento. _969793 |
| 245 | _aCalidad física y fisiológica de semilla de líneas endogámicas de maíz (Zea mays L.) de Valles Altos en México | ||
| 260 |
_aChapingo, Méx. : _bEl autor, _c1992 |
||
| 300 | _a72 h. | ||
| 500 | _a61-65 | ||
| 502 | _aTesis (Ing. Agr. Esp. en Fitotecnia) -- UACH. Departamento de Fitotecnia | ||
| 590 |
_aALEPH _b10 _c20130110 _lUCH01 _h1217 |
||
| 590 |
_aBATCH-UPD _b10 _c20130110 _lUCH01 _h0300 |
||
| 590 |
_aBATCH-UPD _b10 _c20130110 _lUCH01 _h1722 |
||
| 590 |
_aBATCH-UPD _b10 _c20130409 _lUCH01 _h2332 |
||
| 590 |
_aBATCH-UPD _b10 _c20130410 _lUCH01 _h1532 |
||
| 590 |
_aBATCH-UPD _b10 _c20130914 _lUCH01 _h1748 |
||
| 590 |
_aCONVERSION _b10 _c20130109 _lUCH01 _h1304 |
||
| 650 | 1 | 4 |
_aMaíz _xGerminación. _970965 |
| 650 | 1 | 4 |
_aMaíz _xSemilla. _971059 |
| 650 | 1 | 4 |
_aSemillas _xFisiología y morfología. _9103902 |
| 901 | _aBK | ||
| 942 | _cFOLL | ||
| 949 |
_bBC _cTES _d-15970 _eTS2 _h25404 _i6369 _si |
||
| 949 |
_bBC _cTES _d33724000716239 _eTS2 _fc.2 _h34060 _i6369 _si |
||
| 999 |
_c6174 _d6174 |
||